Стохастически-детерминистическое моделирование электроразрядного разрушения материалов: автореферат диссертации на соискание ученой степени кандидата физико-математических наук; спец. 01.04.02; спец. 01.04.07

Մատենագիտական մանրամասներ
Հիմնական հեղինակ: Усманов Г. З. Гаяр Закирович
Համատեղ հեղինակներ: Томский политехнический университет (ТПУ) Научно-исследовательский институт высоких напряжений (НИИВН), Северская государственная технологическая академия (СГТА), Томский государственный университет (ТГУ)
Այլ հեղինակներ: Носков М. Д. Михаил Дмитриевич (научный руководитель), Лопатин В. В. Владимир Васильевич
Ամփոփում:Защита сост. 4.06.2009 г.
Լեզու:ռուսերեն
Հրապարակվել է: Томск, 2009
Խորագրեր:
Ձևաչափ: MixedMaterials Գիրք
KOHA link:https://koha.lib.tpu.ru/cgi-bin/koha/opac-detail.pl?biblionumber=164900

MARC

LEADER 00000nam0a2200000 4500
001 164900
005 20231101222520.0
035 |a (RuTPU)RU\TPU\book\178896 
090 |a 164900 
100 |a 20090911d2009 k y0rusy50 ca 
101 0 |a rus 
102 |a RU 
105 |a a dm 001zy 
200 1 |a Стохастически-детерминистическое моделирование электроразрядного разрушения материалов  |e автореферат диссертации на соискание ученой степени кандидата физико-математических наук  |e спец. 01.04.02  |e спец. 01.04.07  |f Г. З. Усманов  |g Томский политехнический университет (ТПУ), Научно-исследовательский институт высоких напряжений (НИИВН) ; Северская государственная технологическая академия (СГТА) ; Томский государственный университет (ТГУ) ; науч. рук. М. Д. Носков, В. В. Лопатин 
210 |a Томск  |d 2009 
215 |a 16 с.  |c ил. 
300 |a Защита сост. 4.06.2009 г. 
320 |a Библиогр.: с. 15-16 (20 назв.). 
606 1 |a Материалы (Физика)  |x Разрушение  |2 stltpush  |3 (RuTPU)RU\TPU\subj\41297 
606 1 |a Электрический разряд  |2 stltpush  |3 (RuTPU)RU\TPU\subj\67807  |9 83457 
610 1 |a твердые материалы 
610 1 |a электроразрядное разрушение 
610 1 |a конденсированные диэлектрики 
610 1 |a конденсированные диэлектрики 
610 1 |a математические методы 
610 1 |a физико-математические модели 
610 1 |a пробой 
610 1 |a численные исследования 
610 1 |a авторефераты диссертаций 
675 |a 539.4.01(04)  |v 3 
675 |a 537.52(04)  |v 3 
686 |a 01.04.02  |2 oksvnk 
686 |a 01.04.07  |2 oksvnk 
700 1 |a Усманов  |b Г. З.  |g Гаяр Закирович 
702 1 |a Носков  |b М. Д.  |g Михаил Дмитриевич  |4 727 
702 1 |a Лопатин  |b В. В.  |c электрофизик  |c доктор физико-математических наук, профессор Томского политехнического университета, директор НИИ высоких напряжений  |f 1947-  |g Владимир Васильевич  |2 stltpush  |3 (RuTPU)RU\TPU\pers\20662  |4 727 
712 0 2 |a Томский политехнический университет (ТПУ)  |b Научно-исследовательский институт высоких напряжений (НИИВН)  |2 stltpush  |3 (RuTPU)RU\TPU\col\3249 
712 0 2 |a Северская государственная технологическая академия (СГТА)  |c (2005- )  |2 stltpush  |3 (RuTPU)RU\TPU\col\9585 
712 0 2 |a Томский государственный университет (ТГУ)  |2 stltpush  |3 (RuTPU)RU\TPU\col\397 
801 1 |a RU  |b 63413507  |c 20090911 
801 2 |a RU  |b 63413507  |c 20121012  |g RCR 
942 |c BK